Szczegóły MARC21

Rachunkowość finansowa /

003 -Nazwa inst., której nr kontr. jest w polu 001 [,]
    • @
    • Nazwa instytucji, której n kontrolny jest w polu 001
    • NUKAT
005 -DATA I CZAS OSTATNIEJ MODYFIKACJI [,]
    • @
    • pole kontrolne
    • 20241231095020.0
020 -Międzynarod. znormalizowany nr książki - ISBN [ , ]
    • a
    • Numer ISBN
    • 8372513104 Find
040 -Instytucja sporządzająca opis [ , ]
    • a
    • Instytucja, która sporządziła opis (NP)
    • KR 7/BZ
    • c
    • Instytucja, która sporządziła rekord (NP)
    • KR 7/BZ
    • d
    • Instytucja, która zmodyfikowała rekord (P)
    • KR 7/EG
    • d
    • Instytucja, która zmodyfikowała rekord (P)
    • KR 7/CPs
    • d
    • Instytucja, która zmodyfikowała rekord (P)
    • WR U/dl
942 -Rodzaj dokumentu [ , ]
    • c
    • Rodzaj dokumentu
    • Książka
100 -Hasło główne - nazwa osobowa [1, ]
    • a
    • Nazwa osobowa (NP)
    • Gmytrasiewicz, Maria
    • d
    • Daty biograficzne (NP)
    • (1940- ).
    • 9
    • KHW
    • 40258
245 -Strefa tytułu i oznaczenia odpowiedzialności [1,0]
    • a
    • Tytuł
    • Rachunkowość finansowa / Find
    • c
    • Pozostałe elementy strefy tytułu i oznaczenia odpowiedzialności (NP)
    • Maria Gmytrasiewicz, Anna Karmańska.
260 -Strefa adresu wydawniczego [ , ]
    • a
    • Miejsce wydania (P)
    • Warszawa :
    • b
    • Nazwa wydawcy (P)
    • Difin,
    • c
    • Data wydania (P)
    • 2002.
300 -Strefa opisu fizycznego [ , ]
    • a
    • Określenie formy książki i/lub objętość (NP)
    • 741 s. :
    • b
    • Oznaczenie ilustracji (NP)
    • rys. ;
    • c
    • Format (NP)
    • 24 cm.
336 -Typ zawartości [ , ]
    • a
    • Termin opisujący typ zawartości
    • Tekst
    • b
    • Kod określający zawartość
    • txt
    • 2
    • Źródło (terminu i kodu)
    • rdacontent
337 -Typ mediów [ , ]
    • a
    • Tryb odtwarzania
    • Bez urządzenia pośredniczącego
    • b
    • Kod typu mediów
    • n
    • 2
    • Źródło (terminu i kodu)
    • rdamedia
338 -Typ/rodzaj nośnika [ , ]
    • a
    • Hasło opisujące typ nośnika
    • Wolumin
    • b
    • Kod typu nośnika
    • nc
    • 2
    • Źródło (terminu i kodu)
    • rdacarrier
490 -Strefa serii i książki wielotomowej - forma nie do wyszukiwania [1, ]
    • a
    • Tytuł (P)
    • Vademecum Rachunkowości Find
    • x
    • ISSN (NP)
    • 1234-1681
830 -Hasło dodatkowe serii i opisu książki wielotomowej - tytuł ujednolicony/tytuł [ ,0]
    • a
    • Tytuł ujednolicony/tytuł (NP)
    • Vademecum Rachunkowości
    • x
    • ISSN
    • 1234-1681
    • 9
    • KHW
    • 1031
080 -Uniwersalna Klasyfikacja Dziesiętna [ , ]
    • a
    • Symbol klasyfikacji
    • 657.41/.45
    • 2
    • Identyfikator wydania tablic
    • UDC-P058
    • 9
    • UKD
    • 5591
    • b
    • Dopowiedzenie
    • Rachunkowość finansowa.
    • 4
    • UKD2
    • 7665
    • x
    • Poddział wspólny
    • (075.8)
    • c
    • Dopowiedzenie poddz. wspólnego
    • (Podręczniki dla szkół wyższych. Skrypty).
650 -Hasło przedmiotowe [ ,7]
    • a
    • Hasło przedmiotowe
    • Rachunkowość
    • v
    • Określnik formalny
    • podręczniki akademickie.
    • 2
    • Źródło terminu
    • kaba
    • 9
    • KHW
    • 351053
980 -Symbol UKD [ , ]
    • a
    • UKD
    • 657.41/.45(075.8)
700 -Hasło dodatkowe - nazwa osobowa [1, ]
    • a
    • Nazwa osobowa (NP)
    • Karmańska, Anna Find
    • d
    • Daty biograficzne (NP)
    • (1957- ).
    • 9
    • KHW
    • 72205
710 -Hasło dodatkowe - nazwa ciała zbiorowego [2, ]
    • a
    • Nazwa ciała zbiorowego lub nazwa geograficzna jako pierwszy element (NP)
    • Difin.
    • 4
    • Kod relacji
    • pbl
    • 9
    • KHW
    • 52248
920 -ISBN [ , ]
    • a
    • ISBN
    • 83-7251-310-4 Find
Sygnatura Numer inwentarzowy Status udost. Lokalizacja Data inwentaryzacji
 E.68827-2BE2003-06-11
 S.90697-2BE2003-06-11
 S.91065-6BE2004-03-26
657GW.8773-2GW2016-10-27